| 000 | 01140nam a22002777a 4500 | ||
|---|---|---|---|
| 001 | BD-DhSAU 8905 | ||
| 003 | BD-DhSAU | ||
| 005 | 20181224111553.0 | ||
| 008 | 150612b2007 bg a||||r|||| 000 0 eng d | ||
| 040 | _aBD-DhSAU | ||
| 082 |
_222 _a635 _bR1294 |
||
| 100 |
_aRahman, MD. Lutfar _eRegistration No. # 00869 |
||
| 245 |
_aEffect of prosphorus and potassium on the yield contributing characters and yield of okra / _bMS thesis _cby Md. Lutfar Rahman |
||
| 260 |
_aSher-e- Bangla Agricultural University : _bDepartment of Horticulture and Postharvest Technology, _c2007. |
||
| 300 |
_aviii, 63 p. : _bill. , _c30 cm. |
||
| 500 | _aMS thesis of Department of Horticulture and Postharvest Technology, Faculty of Agriculture, Sher-e-Bangla Agricultural University, Dhaka, Bangladesh | ||
| 590 | _ajoy | ||
| 650 | _aHorticulture | ||
| 650 | _aPostharvest Technology | ||
| 650 | _aPhosphorus | ||
| 650 | _aPotassium | ||
| 700 |
_aMiah, M. A. Mannan _eSupervisor |
||
| 700 |
_aUddin, A. K. M. Mahtab _eCo-Supervisor |
||
| 856 | _uhttp://archive.saulibrary.edu.bd:8080/xmlui/handle/123456789/979 | ||
| 942 |
_2ddc _cTHESIS |
||
| 999 |
_c8905 _d8905 |
||